| 000 | 00655nam a2200253 a 4500 | ||
|---|---|---|---|
| 001 | 000111903 | ||
| 003 | CHAP | ||
| 005 | 20220329144234.0 | ||
| 008 | 151005s1982 mx |r ||||||spa d | ||
| 010 | _a108364 | ||
| 011 | _a109336 | ||
| 040 | _cCHAP | ||
| 082 | 0 | 4 |
_a520 _bM49 |
| 100 | 1 |
_aMehlin, Theodore Grefe _9129897 |
|
| 245 | 1 | 0 |
_aAstronomía / _cpor Theodore Grefe Mehlin. |
| 260 |
_aMéxico, D. F. : _bCia. Editores Continental, _c1982. |
||
| 300 | _a427 p. | ||
| 534 | _pTít. original : Astronomy | ||
| 590 |
_aE5765TAJ _b05 _c20151005 _lUCH01 _h0803 |
||
| 650 | 1 | 4 |
_aAstronomía. _98199 |
| 901 | _aBK | ||
| 942 | _cLIBRO | ||
| 942 | _n0 | ||
| 999 |
_c108364 _d108364 |
||